বিশিষ্ট পরমাণু বিজ্ঞানী ড. এম এ ওয়াজেদ মিয়ার কর্মময় জীবন / (Record no. 76321)
[ view plain ]
| 000 -LEADER | |
|---|---|
| fixed length control field | 00928nam a22002177a 4500 |
| 001 - CONTROL NUMBER | |
| control field | 76321 |
| 003 - CONTROL NUMBER IDENTIFIER | |
| rucl marc code | BD-RjUL |
| 005 - DATE AND TIME OF LATEST TRANSACTION | |
| control field | 20211209082827.0 |
| 008 - FIXED-LENGTH DATA ELEMENTS--GENERAL INFORMATION | |
| fixed length control field | 191124s2019 bg ||||| |||| 00| 0 ben d |
| 020 ## - INTERNATIONAL STANDARD BOOK NUMBER | |
| International Standard Book Number | 9789840422111 |
| 035 ## - SYSTEM CONTROL NUMBER | |
| System control number | (BD-RjUL)76542 |
| 040 ## - CATALOGING SOURCE | |
| Original cataloging agency | BD-RjUL |
| Language of cataloging | ben |
| Transcribing agency | BD-RjUL |
| 041 ## - LANGUAGE CODE | |
| Language code of text/sound track or separate title | ben |
| 082 ## - DEWEY DECIMAL CLASSIFICATION NUMBER | |
| Edition number | 23 |
| Classification number | 539.7092 |
| Author mark and year | ASB 2019 |
| 245 10 - TITLE STATEMENT | |
| Title | বিশিষ্ট পরমাণু বিজ্ঞানী ড. এম এ ওয়াজেদ মিয়ার কর্মময় জীবন / |
| Statement of responsibility, etc. | আসাদুজ্জামান |
| 260 ## - PUBLICATION, DISTRIBUTION, ETC. (IMPRINT) | |
| Place of publication, distribution, etc. | ঢাকা : |
| Name of publisher, distributor, etc. | আগামী প্রকাশনী, |
| Date of publication, distribution, etc. | ২০১৯ |
| 300 ## - PHYSICAL DESCRIPTION | |
| Pagination | ২৩১ পৃ. : |
| Illustrations | চিত্রসমূহ; |
| Size | ২৫ সেমি. |
| 600 ## - SUBJECT ADDED ENTRY--PERSONAL NAME | |
| Personal name | মিয়া, এম এ ওয়াজেদ |
| General subdivision | জীবনী |
| Dates associated with a name | ১৯৪২-২০০৯ |
| Personal name | Mia, M A Wazed |
| General subdivision | Biography |
| Dates associated with a name | 1942-2009 |
| 942 ## - ADDED ENTRY ELEMENTS (KOHA) | |
| Source of classification or shelving scheme | Dewey Decimal Classification |
| Koha item type | Books |
| Lost status | Source of classification or shelving scheme | Damaged status | Not for loan | Collection code | Permanent Location | Current Location | Shelving location | Date acquired | Source of acquisition | Cost, normal purchase price | Total Checkouts | Full call number | Date last seen | Copy number | Koha item type |
|---|---|---|---|---|---|---|---|---|---|---|---|---|---|---|---|
| Dewey Decimal Classification | Not For Loan | Non-fiction | Central Library, University of Rajshahi | Central Library, University of Rajshahi | 07/11/2019 | Biddasagar, Rajshahi | 600.00 | B 539.7092 ASB 2019 | 24/11/2019 | C-1 | Books |